[Event "BL2 Ost 1415 (Women)"]
[Site "Germany"]
[Date "2014.09.27"]
[Round "1.6"]
[White "Reiss, Viktoria"]
[Black "Nguyen, Ha Thanh"]
[Result "0-1"]
[WhiteElo "1404"]
[BlackElo "1578"]
[PlyCount "66"]
[EventDate "2014.09.27"]
[EventType "team-tourn"]
[EventRounds "7"]
[EventCountry "GER"]
[SourceTitle "CBM 166 Extra"]
[Source "ChessBase"]
[SourceDate "2015.06.18"]
[SourceVersion "1"]
[SourceVersionDate "2015.06.18"]
[SourceQuality "1"]
[WhiteTeam "Loeberitz (W)"]
[BlackTeam "Erfurt Medizin (W)"]
[WhiteTeamCountry "GER"]
[BlackTeamCountry "GER"]

1. e4 c5 2. Nf3 Nc6 3. d4 cxd4 4. Nxd4 g6 5. Be3 Bg7 6. Qd2 Nf6 7. f3 0-0 8. Nc3 d5 9. 0-0-0 dxe4 10. Nxc6 Qxd2+ 11. Rxd2 bxc6 12. Nxe4 Nd5 13. Bd4 Bh6 14. Bc4 Bxd2+ 15. Kxd2 Nb6 16. Bd3 Bf5 17. Kc1 Be6 18. Kb1 Nd5 19. Bc5 Rfe8 20. g3 Nc7 21. b3 a5 22. Nc3 Na6 23. Be4 Nxc5 24. Bxc6 Rac8 25. Bxe8 Rxe8 26. Rd1 Nb7 27. h4 Rd8 28. Rg1 Nc5 29. g4 Kf8 30. h5 Rd4 31. hxg6 hxg6 32. Kc1 Rf4 33. Rf1 Bxg4 0-1